Pokémon - Trouvez ces Personnages aléatoires - Statistiques

Statistiques générales
  • Ce quiz a été pris 340 fois
    8 depuis la dernière actualisation
  • Le résultat moyen est 38 sur 50
Statistiques - réponses
Par images Réponse % Correct
Adamantin
100%
Adriane
100%
Adrien
100%
Agatha
100%
Ali
100%
Aloé
100%
Alyxia
100%
Amana
100%
Amaro
100%
Amaryllis
100%
Amos
100%
Ancolie
100%
Annette
100%
Aragon
100%
Ariane
100%
Arthur
100%
Artie
100%
Astéra
100%
Atalante
100%
Auguste
100%
Aurel
100%
A.Z.
100%
Ball Masqué
100%
Barbara
100%
Bardane
100%
Beladonis
100%
Bianca
100%
Blanche
100%
Brenda
100%
Brice
100%
Brome
100%
Bruyer
100%
Cayenn
100%
Célesta
100%
Cety
100%
Chaz
100%
Chuck
100%
Clem
100%
Cormier
100%
Cym
100%
Cynthia
100%
Dahlia
100%
Danh
100%
Dexio
100%
Dhilan
100%
Dianthéa
100%
Donna
100%
Elio
100%
Esteban
100%
Faïza
100%
Fargas
100%
Garrett
100%
Giovanni
100%
Gladys
100%
Goyah
100%
Grusha
100%
Guido
100%
Harmony
100%
Hortensio
100%
Infirmière Joëlle
100%
James
100%
Jeannine
100%
Jessie
100%
Juliette
100%
Kabu
100%
Kelvin
100%
Kiméra
100%
Koga
100%
L
100%
"Lady Chadégout"
100%
Lagéna
100%
Lance
100%
Leaf
100%
Lem
100%
Lévy & Tatia
100%
Lilien
100%
Liv
100%
Lona
100%
Lovis le Teigneux
100%
Lucio
100%
Ludwig
100%
Luth
100%
Lysandre
100%
Mars
100%
Mashynn
100%
Meloco
100%
Menzi
100%
Mère (B2N2)
100%
Mère (NB)
100%
Milio
100%
Millepertuis
100%
Mohn
100%
Molène
100%
Mortimer
100%
Mr. Fuji
100%
Mr.Rochard
100%
Myosotis
100%
Nabil
100%
Naire
100%
Narcisse
100%
Natural Harmonia Gropius
100%
Nèflie
100%
Nina Chen
100%
Noa
100%
Norman
100%
Okuba
100%
Olivier
100%
Ondine
100%
Oryse
100%
Percy
100%
Peter
100%
Peterson
100%
Pieris
100%
Pierre Rochard
100%
Pierrick
100%
Pluton
100%
Professeure Keteleeria
100%
Professeur Orme
100%
Professeur Samuel Chen
100%
Professeur Seko
100%
Rachid
100%
Raphaël Chen
100%
Red
100%
Rhody
100%
Roseille
100%
Rosemary
100%
Sara
100%
Scott
100%
Silver
100%
Sina
100%
Solie
100%
Spectra
100%
Tarak
100%
Thyméo
100%
Tierno
100%
Trio des Ombres
100%
Tully
100%
Vicky
100%
Watson
100%
Zhu
100%
Zoé
100%
Trace
75%
Big Chen
50%
Camille
50%
Cendrie
50%
Chamsin
50%
Colza
50%
Maïté
50%
Pivonia
50%
Salvio
50%
Takim
50%
Bridjet
33%
Carole
33%
Cendro
33%
Sally
33%
Taro
33%
Aaron
0%
Agent Jenny
0%
Alba Minçalor
0%
Alben
0%
Albert
0%
Albia
0%
Aldo
0%
Alexia
0%
Alisma
0%
Alistair
0%
Alizée
0%
Althéo
0%
Amelle
0%
Anis
0%
Anya
0%
Apia
0%
Apocyne
0%
Armand
0%
Armando
0%
Aurore
0%
Aurore
0%
Baoba
0%
Barry
0%
Bastien
0%
Bayar
0%
Bélila
0%
Blue
0%
Boro
0%
Brasénie
0%
Bria
0%
Cardus
0%
Carmine
0%
Carolina
0%
Cathy
0%
Célosia
0%
Chammal
0%
Charles
0%
Charline
0%
Chase
0%
Christy
0%
Chrys
0%
Ciléo
0%
Clavel
0%
Clément
0%
Constance
0%
Cornélia
0%
Cornélius
0%
Cornil
0%
Corvault
0%
Courtney
0%
Cronie
0%
Cyane
0%
Cyano
0%
Damien
0%
Delphie
0%
Dracéna
0%
Écho
0%
Elaine
0%
Élian
0%
Élige
0%
Elsa-Mina
0%
Éra
0%
Erika
0%
Erio
0%
Esra
0%
Eulalie
0%
Eusine
0%
Flo
0%
Flora
0%
Florian
0%
Frédo
0%
Garana
0%
Garance
0%
Ghetis Harmonia Gropius
0%
Gino
0%
Glacia
0%
Gladio
0%
Gloria
0%
Graham
0%
Guajava
0%
Guzma
0%
Gypso
0%
Harrington
0%
Hassa
0%
Hector
0%
Hélio
0%
Hermance
0%
Hygia
0%
Inezia
0%
Ingrid
0%
Inno
0%
Irido
0%
Iris
0%
Jacq
0%
Jasmine
0%
Jean-Fleuret
0%
Jean-Targe
0%
Jeffry Andise
0%
Juan
0%
Juliana
0%
Julien
0%
Jupiter
0%
Kahili
0%
Kalem
0%
Kassis
0%
Kiawe
0%
Koichi
0%
Kombu
0%
Koner
0%
Kunz
0%
Laïm
0%
Lambda
0%
Lardi
0%
Léo
0%
Lilie
0%
Lino
0%
Lithia
0%
Louka
0%
Lucia
0%
Ludvina
0%
Lula
0%
Magnolia
0%
Major Bob
0%
Malva
0%
Marc
0%
Marcia
0%
Margie
0%
Marion
0%
Matis
0%
Matthieu
0%
Max
0%
Mélie
0%
Mélina
0%
Mélis
0%
Méridia
0%
Milie
0%
Mimosa
0%
Mora
0%
Morgane
0%
Mr.Marco
0%
Musquat
0%
Mustar
0%
Nacchara
0%
Narica
0%
Nectarin
0%
Néphie
0%
Nérine
0%
Nikolaï
0%
Nivis
0%
Nix
0%
Noham
0%
Oléa
0%
Olga
0%
Ortiga
0%
Pania
0%
Parsley
0%
Paulie
0%
Paxton
0%
Pectorius
0%
Penséa
0%
Pepper
0%
Percila
0%
Percupio
0%
Pierce Hanlov
0%
Pierre
0%
Popi
0%
Primo
0%
Primula
0%
Professeure Olim
0%
Professeure Pimprenelle
0%
Professeure Sonya
0%
Professeur Euphorbe
0%
Professeur Kosmo
0%
Professeur Lavande
0%
Professeur Platane
0%
Professeur Sorbier
0%
Professeur Turum
0%
Roxanne
0%
Roy
0%
Rubépin
0%
Rudi
0%
Ryza
0%
Sabi
0%
Saguaro
0%
Sam
0%
Sandra
0%
Sannah
0%
Sarah
0%
Saturne
0%
Saturnin
0%
Saubohne
0%
Selena
0%
Selene
0%
Serena
0%
Shehroz
0%
Sica
0%
Solane
0%
Sophora
0%
Spruce Keteleeria
0%
Strykna
0%
Tanguy
0%
Taragon
0%
Tcheren
0%
Terry
0%
Thaïm
0%
Tili
0%
Timmy
0%
Travis
0%
Trovato
0%
Urup
0%
Valériane
0%
Vénus & Colombe
0%
Vesper
0%
Victor
0%
Violette
0%
Violine
0%
Viviane
0%
Voltère
0%
Xanthin
0%
Aucun quiz correspondant
Distribution des résultats
% des personnes avec chaque résultat
Percentile par nombre de réponses
Votre historique - résultats
Vous n’avez pas pris ce quiz depuis la dernière actualisation